[Event "Mistrzostwa Polski Juniorek Mlodszych do lat 14 - OOM Zachodniopomorskie 2023"]
[Site "Darlowek"]
[Date "1899-12-30"]
[Round "1.25"]
[White "Kaminska, Zuzanna"]
[Black "Kucia, Kinga"]
[Result "0-1"]
[WhiteTitle "II"]
[BlackTitle "I"]
[WhiteElo "1040"]
[BlackElo "1253"]

1. e4 c5 2. Nf3 d6 3. d4 cxd4 4. Nxd4 Nf6 5. Nc3 g6 6. Bc4 Bg7 7. f3 O-O 8. O-O
Nc6 9. Nde2 Bd7 10. Ng3 Rc8 11. Bb3 Na5 12. Be3 Nxb3 13. axb3 a6 14. Nce2 Qc7
15. c4 Bc6 16. Qd2 Rfd8 17. Rac1 e6 18. Nc3 d5 19. exd5 exd5 20. cxd5 Nxd5 21.
Nxd5 Rxd5 22. Qxd5 Bxd5 23. Rxc7 Rxc7 24. Rd1 Rd7 25. Bc1 Be6 26. Rxd7 Bxd7 27.
b4 Kf8 28. Kf2 Ke7 29. Ke3 f5 30. Kd3 Bb5+ 31. Kc2 Be5 32. f4 Bd6 33. Kb3 Bc6
34. Ne2 Bxg2 35. Nc3 Ke6 0-1

[Event "Mistrzostwa Polski Juniorek Mlodszych do lat 14 - OOM Zachodniopomorskie 2023"]
[Site "Darlowek"]
[Date "1899-12-30"]
[Round "2.1"]
[White "Natoli, Alessia"]
[Black "Rusiecki, Katarzyna"]
[Result "1-0"]
[WhiteTitle "k"]
[BlackTitle "I+"]
[WhiteElo "1838"]
[BlackElo "1370"]

1. d4 e6 2. c4 f5 3. g3 Nf6 4. Bg2 Be7 5. Nf3 O-O 6. O-O d6 7. Nc3 Qe8 8. Re1 Ne4
9. Nxe4 fxe4 10. Ng5 d5 11. cxd5 Bxg5 12. Bxg5 exd5 13. f3 Qh5 14. Bf4 exf3 15.
exf3 c6 16. Re7 Nd7 17. Qd3 Nf6 18. g4 Qg6 19. Qxg6 hxg6 20. Bd2 a5 21. Bf1 Rf7
22. Re3 Rc7 23. Bd3 Kf7 24. Rae1 b6 25. Re5 Nh7 26. Bg5 Raa7 27. Bd8 Rcb7 28.
Re8 Nf8 29. Bxb6 Rxb6 30. Rxc8 Re7 31. Rxe7+ Kxe7 32. b3 Ne6 33. Kf2 Nxd4 34.
Ke3 Ne6 35. Bxg6 d4+ 36. Kd2 c5 37. Bf5 a4 38. Bc2 Ng5 39. Bd1 axb3 40. axb3 Rb5
41. Kd3 Ne6 42. Ke4 Kd7 43. Ra8 Kd6 44. Ra6+ Kd7 45. f4 Rb8 46. f5 Nc7 47. Rg6
Re8+ 48. Kf3 Re3+ 49. Kf2 Ne8 50. g5 Rh3 51. f6 Rxh2+ 52. Kg3 Rh8 53. Bg4+ Kd8
54. f7 Nc7 55. Rd6+ Ke7 56. Rd7+ Kf8 57. Rxc7 Rh1 58. g6 Rf1 59. Rc8+ Ke7 60.
Re8+ Kd6 1-0

[Event "Mistrzostwa Polski Juniorek Mlodszych do lat 14 - OOM Zachodniopomorskie 2023"]
[Site "Darlowek"]
[Date "1899-12-30"]
[Round "2.2"]
[White "Strzoda, Natalia"]
[Black "Gaszka, Zuzanna"]
[Result "0-1"]
[WhiteTitle "I"]
[BlackTitle "I++"]
[WhiteElo "1348"]
[BlackElo "1740"]

1. e4 e5 2. Nf3 Nc6 3. d4 exd4 4. Bc4 Nf6 5. e5 d5 6. Bb5 Ne4 7. Nxd4 Bc5 8. Be3
O-O 9. Nxc6 bxc6 10. Bxc5 Nxc5 11. Bxc6 Rb8 12. Qxd5 Qxd5 13. Bxd5 Rxb2 14. O-O
Rxc2 15. Na3 Re2 16. Rfe1 Rxe1+ 17. Rxe1 0-1

[Event "Mistrzostwa Polski Juniorek Mlodszych do lat 14 - OOM Zachodniopomorskie 2023"]
[Site "Darlowek"]
[Date "1899-12-30"]
[Round "2.3"]
[White "Moczala, Maja"]
[Black "Pawlikowska, Ewa"]
[Result "1-0"]
[WhiteTitle "I++"]
[BlackTitle "I"]
[WhiteElo "1707"]
[BlackElo "1343"]

1. e4 c6 2. d4 d5 3. exd5 cxd5 4. Bd3 Nc6 5. c3 Qc7 6. Ne2 Bg4 7. O-O e6 8. f3
Bh5 9. Qe1 Bd6 10. Qh4 Nf6 11. Bg5 Bg6 12. Bxg6 fxg6 13. Bxf6 gxf6 14. Qxf6 Kd7
15. Qh4 Raf8 16. Nd2 Ne7 17. Rac1 Nf5 18. Qh3 g5 19. c4 Qa5 20. Nb3 Qxa2 21. f4
Qxb2 22. Qd3 dxc4 23. Qxc4 Qa3 24. Qb5+ Ke7 25. Qxb7+ Kf6 26. fxg5+ Kg6 27. g4
Ne7 28. Qe4+ Kg7 29. Qxe6 Rxf1+ 30. Rxf1 Rb8 31. Rf7+ Kg8 32. Rxe7+ Kh8 33. Qf6+
Kg8 34. Qg7# 1-0

[Event "Mistrzostwa Polski Juniorek Mlodszych do lat 14 - OOM Zachodniopomorskie 2023"]
[Site "Darlowek"]
[Date "1899-12-30"]
[Round "2.4"]
[White "Palejko, Gabriela"]
[Black "Wojs, Alicja"]
[Result "1/2-1/2"]
[WhiteTitle "I"]
[BlackTitle "I++"]
[WhiteElo "1344"]
[BlackElo "1639"]

1. e4 e6 2. d4 d5 3. Nd2 c5 4. exd5 exd5 5. Ngf3 Nc6 6. Bb5 Nf6 7. O-O Be7 8. dxc5
O-O 9. c3 Bxc5 10. Nb3 Bb6 11. h3 h6 12. Bf4 Ne4 13. Nfd4 Qf6 14. Be3 Bc7 15.
Nf3 Ne5 16. Nbd4 a6 17. Be2 Re8 18. Qb3 Nxf3+ 19. Nxf3 Ng3 20. Rfe1 Nxe2+ 21.
Rxe2 Bxh3 22. Qxd5 Qg6 23. Ne1 Bg4 24. Rd2 Rad8 25. Qc5 Rxd2 26. Bxd2 Bb6 27.
Qc4 Re2 28. Be3 Rxe3 29. fxe3 Bxe3+ 30. Kh2 Qd6+ 31. Kh1 Qg3 32. Nf3 Bxf3 33.
Qc8+ Kh7 34. Qf5+ Kg8 35. Qxf3 Qh4+ 36. Qh3 Qf2 37. Rd1 g6 38. Qf3 Qh4+ 39. Qh3
1/2-1/2

[Event "Mistrzostwa Polski Juniorek Mlodszych do lat 14 - OOM Zachodniopomorskie 2023"]
[Site "Darlowek"]
[Date "1899-12-30"]
[Round "2.5"]
[White "Obukhava, Anastasiya"]
[Black "Branka, Julia"]
[Result "0-1"]
[WhiteTitle "I"]
[BlackTitle "I"]
[WhiteElo "1610"]
[BlackElo "1324"]

1. b3 e5 2. Bb2 Nc6 3. Nf3 e4 4. Nd4 Nxd4 5. Bxd4 d5 6. e3 h5 7. Be2 Qg5 8. g3
Bh3 9. c4 c6 10. cxd5 Qxd5 11. Qc2 Qf5 12. Bb2 Rh6 13. Nc3 Nf6 14. f4 Be7 15.
O-O-O Kf8 16. d3 exd3 17. Bxd3 Qe6 18. e4 c5 19. Bc4 Qc6 20. e5 Ng4 21. Rhe1 Rc8
22. Bd5 Qb6 23. Ne4 c4 24. Bd4 Qa5 25. bxc4 Ba3+ 26. Bb2 Rb6 27. Qb3 Rxb3 28.
axb3 Bxb2+ 29. Kxb2 Nh6 30. Nd6 Rc7 31. Nxb7 Qb6 32. c5 Qb4 33. Re4 Qb5 34. b4
Rxb7 35. Bxb7 Qxb7 36. Red4 Ke7 37. Kc3 a5 38. bxa5 Qb5 39. Ra1 Qxc5+ 40. Rc4
Qe3+ 41. Kb4 Be6 42. Rc7+ Kd8 43. Rc4 Bxc4 44. Kxc4 Nf5 45. Ra4 Qd4+ 46. Kb5 Qa7
47. a6 Nd4+ 48. Kc4 Nc6 49. Kb5 Kc7 50. Rc4 Qb6+ 0-1

[Event "Mistrzostwa Polski Juniorek Mlodszych do lat 14 - OOM Zachodniopomorskie 2023"]
[Site "Darlowek"]
[Date "1899-12-30"]
[Round "2.6"]
[White "Wieczorek, Maja"]
[Black "Duda, Aleksandra"]
[Result "1/2-1/2"]
[WhiteTitle "I"]
[BlackTitle "I++"]
[WhiteElo "1308"]
[BlackElo "1570"]

1. e4 e6 2. d4 d5 3. Nc3 Bb4 4. e5 c5 5. a3 Bxc3+ 6. bxc3 Ne7 7. Bd3 Nbc6 8. Nf3
c4 9. Be2 O-O 10. O-O Bd7 11. a4 Nf5 12. Bg5 Qa5 13. Qd2 h6 14. Bf4 Qc7 15. g4
Nfe7 16. Bxh6 f6 17. exf6 Rxf6 18. Bg5 Rf7 19. Nh4 Raf8 20. f4 Kh7 21. Qe3 g6
22. Ng2 Nc8 23. h4 Nd6 24. Bf3 Bc8 25. Kf2 Kg8 26. Bh6 Re8 27. Rh1 Rh7 28. Bg5
Qg7 29. Rh2 Nd8 30. Bxd8 Rxd8 31. Rah1 Rf8 32. h5 Rf7 33. Nh4 gxh5 34. gxh5 Qf6
35. Rg1+ Rhg7 36. Rg6 Qxf4 37. Qxf4 Rxf4 38. Rxg7+ Kxg7 39. Ng6 Rf7 40. Ne5 Rf5
41. Rg2+ Kh7 42. Ke3 Nf7 43. Nxf7 Rxf7 44. Rg5 Bd7 45. a5 Ba4 46. Rg2 Rf6 47.
Bg4 Kh6 48. Rf2 Rxf2 49. Kxf2 Bxc2 50. Bxe6 Be4 51. Ke3 Kxh5 52. Kf4 b5 53. axb6
axb6 54. Bd7 Kh4 55. Bc6 Kh3 56. Ke5 Kg3 57. Bxd5 Bd3 58. Kd6 Kf4 59. Kc6 Ke3
60. Kb5 Kd2 61. Kb4 Ke3 62. Bxc4 Bf5 63. Ba2 Bd7 64. d5 Ke4 65. c4 Kd4 66. Bb3
Be8 67. Bd1 Bd7 68. Bh5 Ke5 69. Bg6 Kd6 70. Bf7 Kc7 71. Be6 Be8 72. Bg8 Bd7 73.
Bh7 Be8 74. Bc2 Kd6 75. Ba4 Bxa4 76. Kxa4 Kc5 77. Kb3 b5 78. cxb5 Kxb5 1/2-1/2

[Event "Mistrzostwa Polski Juniorek Mlodszych do lat 14 - OOM Zachodniopomorskie 2023"]
[Site "Darlowek"]
[Date "1899-12-30"]
[Round "2.7"]
[White "Klintsevich, Aliaksandra"]
[Black "Oszutowska, Anna"]
[Result "1-0"]
[WhiteTitle "I"]
[BlackTitle "I"]
[WhiteElo "1541"]
[BlackElo "1299"]

1. d4 Nf6 2. c4 g6 3. Nc3 d5 4. cxd5 Nxd5 5. e4 Nxc3 6. bxc3 Bg7 7. Nf3 c5 8. Be2
O-O 9. O-O Nc6 10. Be3 e6 11. Rc1 Qe7 12. Qb3 Rd8 13. Rfd1 Kh8 14. Bg5 Bf6 15.
Bxf6+ Qxf6 16. d5 exd5 17. exd5 Ne5 18. Nxe5 Qxe5 19. Bf3 Qd6 20. c4 b6 21. Re1
Bf5 22. Re3 Re8 23. Qc3+ Kg8 24. Rce1 Rxe3 25. fxe3 Re8 26. e4 Qe5 27. Qxe5 Rxe5
28. Kf2 Bd7 29. Re3 a6 30. Ra3 Bc8 31. Rb3 b5 32. cxb5 c4 33. Rb4 axb5 34. Rxb5
Bd7 35. Rc5 f5 36. Rxc4 fxe4 37. Bxe4 Kf7 38. a4 Bf5 39. Bf3 Ke7 40. a5 Kd7 41.
a6 Bd3 42. a7 Re8 43. Ra4 Bb5 44. a8=Q 1-0

[Event "Mistrzostwa Polski Juniorek Mlodszych do lat 14 - OOM Zachodniopomorskie 2023"]
[Site "Darlowek"]
[Date "1899-12-30"]
[Round "2.8"]
[White "Walewska, Natalia"]
[Black "Kawka, Milena"]
[Result "0-1"]
[WhiteTitle "I"]
[BlackTitle "I+"]
[WhiteElo "1297"]
[BlackElo "1522"]

1. e4 c5 2. Nf3 Nc6 3. d4 cxd4 4. Nxd4 g6 5. Be3 Bg7 6. Nc3 Nf6 7. Be2 O-O 8. f3
d5 9. exd5 Nxd5 10. Nxc6 bxc6 11. Bd4 e5 12. Bc5 Re8 13. Ne4 f5 14. Nd6 Re6 15.
Nc4 Ba6 16. O-O Qg5 17. Kh1 Rd8 18. Qe1 e4 19. h4 Qf6 20. f4 Bxc4 21. Bxc4 Qxb2
22. Qe2 Qf6 23. g3 Kh8 24. Rab1 Nc3 25. Qe3 Nxb1 26. Bxe6 Qxe6 27. Rxb1 Qxa2 28.
Rc1 a6 29. Qe2 Qd5 30. Be3 a5 31. h5 Qb5 32. Qh2 Kg8 33. Qh4 Rf8 34. hxg6 hxg6
35. Re1 Kf7 36. Rd1 c5 37. Rd8 Qf1+ 38. Kh2 Qe2+ 39. Kh1 Qxe3 40. Rd7+ Kg8 41.
Rxg7+ Kxg7 42. Qe7+ Rf7 43. Qe5+ Kh7 44. Qe6 Rg7 45. Kh2 Qf2+ 46. Kh3 Qg1 47.
g4 Qxg4+ 48. Kh2 Qxf4+ 49. Kg2 e3 50. Kh3 Qf3+ 51. Kh2 e2 52. c4 Qf2+ 53. Kh3
Qf3+ 54. Kh2 Qe4 55. Qf6 e1=R 56. Qg5 Qe2+ 57. Qg2 Qh5+ 58. Kg3 f4+ 59. Kxf4 Rf7+
60. Kg3 Re3+ 0-1

[Event "Mistrzostwa Polski Juniorek Mlodszych do lat 14 - OOM Zachodniopomorskie 2023"]
[Site "Darlowek"]
[Date "1899-12-30"]
[Round "2.9"]
[White "Konkol, Sandra"]
[Black "Babinska, Liwia"]
[Result "0-1"]
[WhiteTitle "I+"]
[BlackTitle "I"]
[WhiteElo "1468"]
[BlackElo "1294"]

1. e4 c5 2. Nc3 a6 3. g3 e5 4. Bg2 Nf6 5. d3 b5 6. Be3 Nc6 7. h3 d6 8. Nge2 Nd4
9. O-O b4 10. Na4 Bd7 11. Bxd4 cxd4 12. c3 Qa5 13. b3 bxc3 14. f4 Rc8 15. Qc2
Be7 16. g4 h6 17. Ng3 g6 18. Qf2 exf4 19. Qxf4 Bxa4 20. bxa4 Qxa4 21. e5 dxe5
22. Qxe5 Qb5 23. Qe2 Kf8 24. Rab1 Qg5 25. Qc2 Qe3+ 26. Kh2 h5 27. gxh5 Nxh5 28.
Ne4 Qh6 29. Qb3 Qg7 30. Qe6 Re8 31. Rb7 Kg8 32. Qc4 Qe5+ 33. Kg1 Rf8 34. Qxa6
Nf4 35. Rxf4 Qxf4 36. Rxe7 c2 37. Nf6+ Kg7 38. Re1 c1=Q 39. Rxc1 Qxc1+ 40. Bf1
Qe3+ 0-1

[Event "Mistrzostwa Polski Juniorek Mlodszych do lat 14 - OOM Zachodniopomorskie 2023"]
[Site "Darlowek"]
[Date "1899-12-30"]
[Round "2.10"]
[White "Kucia, Kinga"]
[Black "Kicinska, Anna"]
[Result "1/2-1/2"]
[WhiteTitle "I"]
[BlackTitle "I++"]
[WhiteElo "1253"]
[BlackElo "1424"]

1. d4 Nf6 2. c4 c5 3. d5 e6 4. Nc3 exd5 5. cxd5 d6 6. e4 g6 7. Bd3 Bg7 8. h3 O-O
9. Nf3 Re8 10. O-O c4 11. Bc2 b5 12. Nxb5 Nxe4 13. Bxe4 Rxe4 14. Bg5 Qb6 15. Nc3
Re8 16. Qd2 Nd7 17. Rfe1 Bb7 18. Be3 Qb4 19. a4 a5 20. Nd4 Nc5 21. Qc2 Re5 22.
Nf3 Nb3 23. Ra3 Bc8 24. Na2 Nd4 25. Nxb4 Nxc2 26. Nxc2 Rxd5 27. Bd4 Bf5 28. Ne3
Rxd4 29. Nxf5 gxf5 30. Nxd4 Bxd4 31. Re2 Rb8 32. Ra2 Be5 33. g3 f4 34. gxf4 Bxf4
35. Re4 Be5 36. Rxc4 Bxb2 37. Rc6 d5 38. Rc2 Bg7 39. Rc5 d4 40. Rxa5 Rd8 41. Rd2
d3 42. Rg5 Kf8 43. Rg3 Rd4 44. Rdxd3 Rxa4 45. Rgf3 Ra7 46. Rd8+ Ke7 47. Rg8 Bd4
48. Rg4 Be5 49. Rh4 Ra6 50. Rxh7 Rg6+ 51. Kf1 Bf6 52. Rb3 Rg7 53. Rb7+ Ke6 54.
Rb6+ Ke7 55. Rh6 Rg6 56. Rxg6 fxg6 57. Rxf6 Kxf6 58. Kg2 Kg5 59. Kg3 Kh5 60. f4
Kh6 61. Kg4 Kh7 62. Kg5 Kg7 63. h4 Kf7 64. Kh6 Kf6 65. Kh7 Kf7 66. Kh6 Kf6 1/2-1/2

[Event "Mistrzostwa Polski Juniorek Mlodszych do lat 14 - OOM Zachodniopomorskie 2023"]
[Site "Darlowek"]
[Date "1899-12-30"]
[Round "2.11"]
[White "Chmielek, Kamelia"]
[Black "Nowak, Emilia"]
[Result "1-0"]
[WhiteTitle "I+"]
[BlackTitle "I"]
[WhiteElo "1420"]
[BlackElo "1252"]

1. e4 e5 2. Nf3 Nc6 3. Bc4 Bc5 4. c3 Nf6 5. d3 d6 6. O-O a6 7. a4 Ba7 8. Re1 h6
9. Nbd2 Bg4 10. h3 Bd7 11. b4 O-O 12. Nf1 Ne7 13. Be3 Bxe3 14. fxe3 c6 15. Ba2
Qc7 16. Qb1 b5 17. a5 Ng6 18. Ng3 Rad8 19. Qc2 c5 20. Qb2 Bc8 21. d4 c4 22. d5
Rfe8 23. Rf1 Rf8 24. Bb1 Ne7 25. Nh4 Bd7 26. Qe2 Ng6 27. Nhf5 Bc8 28. Nxh6+ Kh7
29. Rxf6 gxh6 30. Bc2 Qe7 31. Raf1 Kg7 32. Nh5+ Kh7 33. Qf2 Rd7 34. Bd1 Rc7 35.
Kh1 Rb7 36. g4 Rc7 37. Qg3 Bd7 38. Kg1 Be8 39. Kf2 Rb7 40. Ke2 Rc7 41. Kd2 Rb7
42. h4 Rc7 43. g5 Rb7 44. Bg4 Rc7 45. Bf5 Rg8 46. Bh3 Kh8 47. R6f2 Rb7 48. Nf6
Rf8 49. h5 1-0

[Event "Mistrzostwa Polski Juniorek Mlodszych do lat 14 - OOM Zachodniopomorskie 2023"]
[Site "Darlowek"]
[Date "1899-12-30"]
[Round "2.12"]
[White "Oleksiuk, Anna"]
[Black "Michalska, Lena"]
[Result "0-1"]
[WhiteTitle "II"]
[BlackTitle "I"]
[WhiteElo "1119"]
[BlackElo "1405"]

1. e4 g6 2. d4 Bg7 3. Nc3 c6 4. f3 d5 5. Be3 e6 6. Nge2 Nd7 7. Qd2 a6 8. g4 b5
9. a3 Nb6 10. b3 Bb7 11. Bg2 h5 12. gxh5 Rxh5 13. Ng3 Rh8 14. Kf2 Nf6 15. Bg5
dxe4 16. Ngxe4 Nxe4+ 17. fxe4 Qxd4+ 18. Be3 Qxc3 19. Qxc3 Bxc3 20. Bxb6 Bxa1 21.
Rxa1 Rxh2 22. Bc7 Rh5 23. b4 Rc8 24. Bb6 c5 25. bxc5 Rcxc5 26. Bxc5 Rxc5 27. Rc1
Rc3 28. e5 Bxg2 29. Kxg2 Rxa3 30. c4 bxc4 31. Rxc4 Ra5 32. Rc6 Rxe5 33. Rxa6 f5
34. Ra8+ Kf7 35. Kf3 g5 36. Ra7+ Kf6 37. Ra8 g4+ 38. Kg3 Re3+ 39. Kf2 Rf3+ 40.
Kg2 e5 41. Ra6+ Kg5 42. Ra8 e4 43. Rg8+ Kf4 44. Ra8 g3 45. Ra4 Rf2+ 46. Kg1 Kf3
47. Ra3+ e3 48. Rb3 Rd2 49. Rb1 e2 50. Rb3+ Kg4 51. Re3 f4 52. Re8 Rd1+ 53. Kg2
f3# 0-1

[Event "Mistrzostwa Polski Juniorek Mlodszych do lat 14 - OOM Zachodniopomorskie 2023"]
[Site "Darlowek"]
[Date "1899-12-30"]
[Round "2.13"]
[White "Borowik, Monika"]
[Black "Pietrzak, Antonina"]
[Result "1-0"]
[WhiteTitle "I"]
[BlackTitle "I"]
[WhiteElo "1372"]
[BlackElo "1104"]

1. d4 d5 2. Bg5 Nf6 3. Nd2 Nc6 4. e3 e6 5. Ngf3 Be7 6. c3 a6 7. Bd3 Nd7 8. Bf4
Nf6 9. Ne5 Nxe5 10. Bxe5 Bd6 11. f4 Qe7 12. O-O h6 13. Rf3 Bxe5 14. fxe5 Nd7 15.
Rg3 g6 16. e4 Nf8 17. Qf3 c6 18. Rf1 Rh7 19. c4 Qb4 20. exd5 cxd5 21. Qf4 b6 22.
c5 Ra7 23. Bxg6 Rg7 24. Bh5 Rh7 25. Rb3 Qa5 26. Rxb6 Qxa2 27. Rb8 Rc7 28. Qg4
Qa4 29. Qg8 Qd7 30. Bg6 1-0

[Event "Mistrzostwa Polski Juniorek Mlodszych do lat 14 - OOM Zachodniopomorskie 2023"]
[Site "Darlowek"]
[Date "1899-12-30"]
[Round "2.14"]
[White "Nurkiewicz, Anna"]
[Black "Kretowicz, Daria"]
[Result "1/2-1/2"]
[WhiteTitle "I+"]
[BlackTitle "I"]
[WhiteElo "1361"]
[BlackElo "1163"]

1. e4 c5 2. d4 cxd4 3. c3 d3 4. c4 e6 5. Bxd3 Qc7 6. Nf3 Nc6 7. a3 Nf6 8. Nc3 a6
9. O-O Be7 10. h3 O-O 11. Re1 d6 12. Be3 Bd7 13. Rc1 Rac8 14. Na4 Rb8 15. Bb6
Qc8 16. b4 Qe8 17. c5 Nxb4 18. axb4 Bxa4 19. Qe2 dxc5 20. bxc5 Nd7 21. e5 Nxb6
22. cxb6 Bc6 23. Qc2 h6 24. Nd4 Rc8 25. Nxc6 Rxc6 26. Qb2 Bg5 27. Rxc6 Qxc6 28.
Be4 Qd7 29. Qb1 Rc8 30. Rd1 Qe7 31. g3 1/2-1/2

[Event "Mistrzostwa Polski Juniorek Mlodszych do lat 14 - OOM Zachodniopomorskie 2023"]
[Site "Darlowek"]
[Date "1899-12-30"]
[Round "2.15"]
[White "Opalka, Marta"]
[Black "Woytitzki, Sophie"]
[Result "1-0"]
[WhiteTitle "I"]
[BlackTitle "II"]
[WhiteElo "1330"]
[BlackElo "1156"]

1. d4 Nf6 2. c4 e6 3. Nc3 b6 4. b3 Bb7 5. Nf3 Be7 6. Bb2 O-O 7. e3 Ne4 8. Bd3 Bb4
9. Qc2 Nxc3 10. Bxc3 Bxc3+ 11. Qxc3 Bxf3 12. gxf3 Qf6 13. Be4 c6 14. Qd3 d5 15.
Bxh7+ Kh8 16. Rg1 Qh6 17. cxd5 cxd5 18. Bf5 exf5 19. Qxf5 Qxh2 20. Ke2 Kg8 21.
Rh1 Qxh1 22. Rxh1 f6 23. Qe6+ Rf7 24. Qxd5 Nc6 25. Qxc6 Rd8 26. Qe6 Rdf8 27. Qh3
Re7 28. Rc1 Ree8 29. Rc7 Rf7 30. Rc8 Rxc8 31. Qxc8+ Kh7 32. d5 a5 33. d6 b5 34.
d7 Rxd7 35. Qxd7 a4 36. Qxb5 axb3 37. Qxb3 f5 38. a4 f4 39. a5 fxe3 40. fxe3 g5
41. a6 g4 42. fxg4 Kh6 43. a7 Kg6 44. a8=R Kh6 45. Qe6+ Kh7 46. Ra7+ Kh8 47. Qc8#
1-0

[Event "Mistrzostwa Polski Juniorek Mlodszych do lat 14 - OOM Zachodniopomorskie 2023"]
[Site "Darlowek"]
[Date "1899-12-30"]
[Round "2.16"]
[White "Rduch, Diana"]
[Black "Gajda, Anna"]
[Result "0-1"]
[WhiteTitle "I"]
[BlackTitle "I"]
[WhiteElo "1128"]
[BlackElo "1248"]

1. e4 c5 2. Nf3 e6 3. d4 cxd4 4. Nxd4 Nf6 5. Bd3 Nc6 6. Nxc6 bxc6 7. Bg5 Qa5+ 8.
Bd2 Qb6 9. Nc3 Ba6 10. O-O Be7 11. Qe2 Bxd3 12. cxd3 O-O 13. Bg5 Rfe8 14. Kh1
d5 15. e5 Nd7 16. Bxe7 Rxe7 17. f4 Rb8 18. Rab1 Qd4 19. Qd2 Nc5 20. Rf3 Reb7 21.
Rg3 Ne4 22. Nxe4 Rxb2 23. Rxb2 Rxb2 24. Qc1 dxe4 25. h3 Rxa2 26. dxe4 Ra1 27.
Qxa1 Qxa1+ 28. Kh2 Qe1 29. Ra3 a5 30. Rd3 g6 0-1

[Event "Mistrzostwa Polski Juniorek Mlodszych do lat 14 - OOM Zachodniopomorskie 2023"]
[Site "Darlowek"]
[Date "1899-12-30"]
[Round "2.17"]
[White "Lukasik, Aleksandra"]
[Black "Kawala, Camilla"]
[Result "1-0"]
[WhiteTitle "I"]
[BlackTitle "II"]
[WhiteElo "1236"]
[BlackElo "1110"]

1. e4 e5 2. Nf3 Nc6 3. Bc4 d6 4. c3 Bg4 5. h3 Bh5 6. d3 Nf6 7. O-O Be7 8. Nbd2
O-O 9. Re1 Re8 10. Nf1 a6 11. Bb3 d5 12. exd5 Nxd5 13. Ng3 Bxf3 14. Qxf3 Nf6 15.
Nf5 Na5 16. Bc2 g6 17. Nh6+ Kg7 18. Rxe5 Nc6 19. Re1 Qd5 20. Qxd5 Nxd5 21. d4
Bd6 22. Bd2 f5 23. Bb3 Nf4 24. Rxe8 Rxe8 25. Nf7 Nh5 26. Nxd6 cxd6 27. Kf1 Nf6
28. f3 h6 29. Bf4 d5 30. Re1 Rxe1+ 31. Kxe1 g5 32. Be5 Ne7 33. g4 Kg6 34. Kf2
Nd7 35. Bd6 Nc8 36. Bc7 Ncb6 37. Bc2 Kf6 38. Bxf5 Ke7 39. b3 Nc8 40. Kg3 1-0

[Event "Mistrzostwa Polski Juniorek Mlodszych do lat 14 - OOM Zachodniopomorskie 2023"]
[Site "Darlowek"]
[Date "1899-12-30"]
[Round "2.18"]
[White "Lecka, Hanna"]
[Black "Miklosz, Malgorzata"]
[Result "0-1"]
[WhiteTitle "II+"]
[BlackTitle "I"]
[WhiteElo "1105"]
[BlackElo "1226"]

1. d4 d5 2. c4 c6 3. Nf3 dxc4 4. e4 b5 5. a4 Nf6 6. e5 Nd5 7. b3 Qa5+ 8. Qd2 c3
9. Qc2 g6 10. Bd3 Nb4 11. Qe2 c2 12. Nbd2 Bh6 13. O-O O-O 14. Ne4 Bxc1 15. Rfxc1
Bf5 16. axb5 Qb6 17. Nc5 Nxd3 18. Nxd3 Qxb5 19. Nfe1 Qxb3 20. Qxc2 Qxc2 21. Rxc2
Rd8 22. Ra4 Rc8 23. Rca2 Rc7 24. Nc5 Nd7 25. Nxd7 Bxd7 26. Rc2 Be6 27. Ra6 Bd5
28. Nd3 Be4 29. Rc3 Rb7 30. f3 Bd5 31. Nc5 Rb4 32. Ra4 a5 33. Rca3 Rab8 34. Na6
Rb1+ 35. Kf2 R8b2+ 36. Ke3 Re1+ 37. Kf4 Rxg2 38. Rxa5 g5+ 39. Kf5 Be6# 0-1

[Event "Mistrzostwa Polski Juniorek Mlodszych do lat 14 - OOM Zachodniopomorskie 2023"]
[Site "Darlowek"]
[Date "1899-12-30"]
[Round "2.19"]
[White "Dzierzgowska, Jagoda"]
[Black "Szczepanska, Jagoda"]
[Result "1/2-1/2"]
[WhiteTitle "I"]
[BlackTitle "II+"]
[WhiteElo "1219"]
[BlackElo "1107"]

1. d4 Nf6 2. c4 g6 3. Nc3 Bg7 4. e4 d6 5. h3 O-O 6. Nf3 Nfd7 7. Be2 e5 8. d5 f5
9. h4 Nf6 10. Bg5 Qe8 11. Bxf6 Bxf6 12. Nd2 h5 13. exf5 Bxf5 14. Nde4 Qe7 15.
Nxf6+ Qxf6 16. g3 Bg4 17. Rh2 Bxe2 18. Qxe2 Na6 19. Ne4 Qf3 20. Ng5 Qxe2+ 21.
Kxe2 Rf6 22. Ne6 Rf7 23. a3 Nc5 24. Nxc5 dxc5 25. Rc1 a5 26. Rc3 b6 27. Re3 Re8
28. f3 Rfe7 29. Re4 Kg7 30. Rh1 Kf6 31. Rd1 Rd8 32. Rf1 Rde8 33. b3 g5 34. hxg5+
Kxg5 35. Rd1 Rd7 36. Rh1 Rh7 37. Rhh4 Ree7 38. Rh1 Re8 39. Kf2 Kf5 40. g4+ Kg5
41. gxh5 Rxh5 42. Rxh5+ Kxh5 43. f4 Kg4 44. fxe5+ Kf5 45. Ke3 1/2-1/2

[Event "Mistrzostwa Polski Juniorek Mlodszych do lat 14 - OOM Zachodniopomorskie 2023"]
[Site "Darlowek"]
[Date "1899-12-30"]
[Round "2.20"]
[White "Szczap, Malgorzata"]
[Black "Walerjan, Ada"]
[Result "1/2-1/2"]
[WhiteTitle "II"]
[BlackTitle "I"]
[WhiteElo "1103"]
[BlackElo "1219"]

1. e4 c5 2. f4 d5 3. exd5 Nf6 4. c4 e6 5. dxe6 Bxe6 6. d3 Nc6 7. Nf3 Be7 8. Be2
O-O 9. O-O Qc7 10. g3 Rfe8 11. Nc3 Rad8 12. Be3 Bxc4 13. Qc2 Bxd3 14. Bxd3 Nb4
15. Bxh7+ Nxh7 16. Qe2 Bf6 17. Rfe1 Bd4 18. Ne5 Bxe3+ 19. Qxe3 f6 20. Qf3 fxe5
21. Rxe5 Rxe5 22. fxe5 Ng5 23. Qf5 Qe7 24. h4 Rf8 25. Qxg5 Qxg5 26. hxg5 Rf5 27.
Re1 Nd3 28. Re3 Nxe5 29. Nb5 Rxg5 30. Nxa7 Kf7 31. Kg2 Kf6 32. Rb3 Rf5 33. Rxb7
Nd3 34. a4 Rf2+ 35. Kg1 Rxb2 36. Rxb2 Nxb2 37. a5 c4 38. Nb5 Na4 39. a6 Nb6 40.
a7 Ke5 41. Nc3 Kd4 42. Na4 Na8 43. Kf1 Ke3 44. Ke1 Kf3 45. Kd2 Kxg3 46. Kc3 g5
47. Nc5 g4 48. Ne4+ Kf4 49. Kd4 Nc7 50. Nc3 Kf3 51. Ne4 Nb5+ 52. Kxc4 Nxa7 53.
Kd3 Nc6 54. Nd2+ Kg2 55. Ke3 Kh3 56. Nf1 Ne5 57. Kf4 Ng6+ 58. Kg5 Nh4 59. Kf4
Ng2+ 60. Ke4 Ne1 61. Kf4 Nf3 62. Ne3 1/2-1/2

[Event "Mistrzostwa Polski Juniorek Mlodszych do lat 14 - OOM Zachodniopomorskie 2023"]
[Site "Darlowek"]
[Date "1899-12-30"]
[Round "2.21"]
[White "Czarkowska, Dalia"]
[Black "Socha, Maja"]
[Result "1-0"]
[WhiteTitle "I"]
[BlackTitle "II+"]
[WhiteElo "1209"]
[BlackElo "1073"]

1. d4 Nf6 2. Nf3 e6 3. g3 c5 4. Bg2 cxd4 5. Nxd4 d5 6. O-O e5 7. Nb3 Be7 8. Nc3
d4 9. Ne4 Nxe4 10. Bxe4 O-O 11. Bg2 Nc6 12. e3 dxe3 13. Bxe3 Qc7 14. Qe2 Be6 15.
Rfe1 Rfd8 16. c3 Rd7 17. Rad1 Rad8 18. Qc2 f5 19. Rxd7 Qxd7 20. Bc5 Bf6 21. Be3
b6 22. f4 e4 23. Bf1 h5 24. h4 Qf7 25. Bb5 Ne7 26. Bd4 Qg6 27. Kh2 Kh7 28. Rd1
Nd5 29. Qe2 Be7 30. Bf2 Nf6 31. Rxd8 Bxd8 32. Nd4 Ng4+ 33. Kg2 Nxf2 34. Nxe6 Qxe6
35. Kxf2 Qxa2 36. Qxh5+ Kg8 37. Bc4+ Qxc4 38. Qe8+ Kh7 39. Qxd8 Qc5+ 40. Qd4 Qxd4+
41. cxd4 Kg6 42. Ke3 Kf6 43. g4 a5 44. g5+ Kf7 45. h5 b5 46. d5 b4 47. h6 a4 48.
h7 a3 49. bxa3 bxa3 50. h8=Q a2 51. Qa8 1-0

[Event "Mistrzostwa Polski Juniorek Mlodszych do lat 14 - OOM Zachodniopomorskie 2023"]
[Site "Darlowek"]
[Date "1899-12-30"]
[Round "2.22"]
[White "Cheda, Julia"]
[Black "Mansz, Martyna"]
[Result "0-1"]
[WhiteTitle "II"]
[BlackTitle "I"]
[WhiteElo "1068"]
[BlackElo "1208"]

1. e4 c5 2. c3 g6 3. d4 cxd4 4. cxd4 Bg7 5. Nf3 Nc6 6. Bg5 d6 7. Bb5 Qa5+ 8. Nc3
Bd7 9. Bxc6 bxc6 10. h3 c5 11. Be3 cxd4 12. Bxd4 Nf6 13. O-O O-O 14. a3 Rfc8 15.
Qd3 a6 16. Qe3 Rab8 17. b4 Qh5 18. Qg5 Qxg5 19. Nxg5 e5 20. Bxe5 dxe5 21. Nd5
Nxd5 22. exd5 e4 23. Ra2 Bb5 24. Rd1 Ba4 25. Rb1 h6 26. Nxe4 Bc2 27. Re1 Bb3 28.
Rae2 Bxd5 29. Nc5 a5 30. Rb1 axb4 31. axb4 Rxc5 32. bxc5 Rxb1+ 33. Kh2 Rb2 34.
Re8+ Kh7 35. Rd8 Be5+ 36. g3 Rxf2+ 37. Kg1 Rd2 38. c6 Bd4+ 39. Kf1 Bxc6 40. Ke1
Rd3 41. Ke2 Bb5 42. Ke1 Bc3+ 0-1

[Event "Mistrzostwa Polski Juniorek Mlodszych do lat 14 - OOM Zachodniopomorskie 2023"]
[Site "Darlowek"]
[Date "1899-12-30"]
[Round "2.23"]
[White "Doskocz, Dominika"]
[Black "Gancarz, Julia"]
[Result "1-0"]
[WhiteTitle "I"]
[BlackTitle "II"]
[WhiteElo "1193"]
[BlackElo "1057"]

1. e4 e5 2. Nc3 Nf6 3. g3 Bc5 4. Bg2 b6 5. d3 Bb7 6. Nge2 d5 7. O-O Qd6 8. Qe1
Nbd7 9. h3 O-O-O 10. a3 Bd4 11. Nxd4 exd4 12. Nxd5 Nxd5 13. exd5 Bxd5 14. Bf4
Qc6 15. Bxd5 Qxd5 16. c4 Qf3 17. Rd1 Rde8 18. Qd2 Re2 19. Qc1 h5 20. Rd2 Rhe8
21. Rxe2 Rxe2 22. Qd1 f6 23. h4 g5 24. hxg5 h4 25. gxh4 Qg4+ 26. Kh1 Qxh4+ 27.
Kg2 Re8 28. Qf3 Nb8 29. Rh1 1-0